INVESTIGACIONES SOBRE LA HISTORIA DEL MARXISMO II: EN LAS RAICES DEL MARXISMO CONTEMPORANEO/

TRADUCCION DE: RICERCHE DI STORIA DEL MARXISMO

Gorde:
Xehetasun bibliografikoak
Egile nagusia: Gerratana, Valentino (autor)
Formatua: Liburua
Saila:HIPOTESIS; 15
Gaiak:
Etiketak: Etiketa erantsi
Etiketarik gabe, Izan zaitez lehena erregistro honi etiketa jartzen!

MARC

LEADER 00000nam^a2200000^a^4500
001 000221358
005 20250521000000.0
009 20260310103915.362
020 |a 84-253-0564-0 
035 |a 028692 
037 |a Acervo Xavier Clavigero 
082 |a 335. 42  |b GER 
100 |a Gerratana, Valentino  |e (autor) 
245 1 0 |a INVESTIGACIONES SOBRE LA HISTORIA DEL MARXISMO II:  |b EN LAS RAICES DEL MARXISMO CONTEMPORANEO/  |c VALENTINO GERRATANA; TR. FRANCISCO FERNANDEZ BUEY 
264 |a BARCELONA :  |b GRIJALBO,  |c 1975 
300 |a 190p. 
336 |a texto  |b txt  |2 rdacontenido 
337 |a sin mediación  |b n  |2 rdamedio 
338 |a volumen  |b nc  |2 rdasoporte 
440 |a HIPOTESIS;  |v 15 
520 |a TRADUCCION DE: RICERCHE DI STORIA DEL MARXISMO 
649 |a XX 
650 |a Comunismo -  |x Historia 
910 |a Fondo General 
920 |a Impresos - Libros 
930 |a Colección General 
905 |a 101 
901 |a 028692  |b IT1  |c ACC  |i 028692  |u 20250521 
901 |a 028695  |b IT1  |c ACC  |i 028695  |u 20250521 
902 |a https://opac.biblio.iteso.mx/vufind/Record/000221358